Statistics for Countries that border BRICS

Click here to take the quiz!

General Stats

  • This quiz has been taken 28 times
  • The average score is 35 of 40

Answer Stats

Answer% Correct
Afghanistan
95%
Laos
95%
Myanmar
95%
North Korea
95%
Pakistan
95%
Ukraine
95%
Uruguay
95%
Vietnam
95%
Argentina
91%
Bangladesh
91%
Bolivia
91%
Georgia
91%
Kazakhstan
91%
Latvia
91%
Lithuania
91%
Nepal
91%
Peru
91%
Tajikistan
91%
Venezuela
91%
Belarus
86%
Bhutan
86%
Botswana
86%
Estonia
86%
Finland
86%
Guyana
86%
Kyrgyzstan
86%
Lesotho
86%
Mongolia
86%
Namibia
86%
Norway
86%
Paraguay
86%
Poland
86%
Swaziland
86%
France
82%
Mozambique
82%
Suriname
82%
Azerbaijan
77%
Zimbabwe
73%
Sri Lanka
55%
Columbia
50%

Score Distribution

Percentile by Number Answered

Percent of People with Each Score

Your Score History

You have not taken this quiz